Géographie de l'Asie par lettre - T - Statistiques

Statistiques générales
  • Ce quiz a été pris 147 fois
  • Le résultat moyen est 11 sur 20
Statistiques - réponses
Indice Réponse % Correct
Capitale de l'Iran Téhéran
98%
Pays du Pamir voisin de l'Afghanistan et de la Chine Le Tadjikistan
89%
Île autrefois appelée Formose Taïwan
88%
Monument le plus emblématique de l'Inde et construit par un empereur Moghol à Agra Le Taj Mahal
84%
Pays d'Asie du sud-est qui ne fut pas colonisé à l'inverse de tous ses voisins La Thaïlande
83%
Pays insulaire partageant une frontière avec l'Indonésie Le Timor Oriental
82%
Littéralement "étudiants" en pachto, ce groupe militaire et religieux est revenu au pouvoir en Afghanistan en 2021 Les Talibans
79%
Ancien royaume conquis par la Chine en 1951 et aujourd'hui une région autonome Le Tibet
79%
Ancien nom de la Jordanie qui en 1949 a supprimé un préfixe désignant une situation géographique par rapport au Jourdain La {Trans}jordanie
71%
Capitale de l'Ouzbékistan Tachkent
69%
Langue du sud de l'Inde et du Sri Lanka également langue officielle à Singapour Le Tamoul
67%
Forêt boréale et principal biome subarctique couvrant la Sibérie La Taïga
64%
Lac aussi appelé "Mer de Galilée" traversé par le fleuve Jourdain Le lac de Tibériade
42%
Ancien peuple turco-mongol peuplant une aire allant de la Mongolie à l'Europe de l'Est et ayant gouverné le Khanat de Crimée Les Tatars
26%
Nom historique et colonial du nord du Vietnam par opposition à la Cochinchine qui fut un protectorat français Le Tonkin
24%
Ville du sud du Liban habitée depuis 2 700 av. J.C. et centre de résistance à l'occupation israëlienne dans les années 80-90 Tyr
23%
Grand lac et système hydrographique du Cambodge Le Tonlé Sap
12%
Île japonaise entre la Corée et le Japon qui fut stratégique pour protéger l'archipel des invasions mongoles mais aussi pour le commerce Tsushima
10%
Chaîne de montagnes Traversant le Xinjiang, le Kirghizistan, l'Ouzbékistan et le Tadjikistan Le Tian Shan
8%
Construction circulaire de grande taille en terre crue typique du Fujian en Chine du sud, qui accueillait des communautés entières Un Tulou
5%
Aucun quiz correspondant
Distribution des résultats
% des personnes avec chaque résultat
Percentile par nombre de réponses
Votre historique - résultats
Vous n’avez pas pris ce quiz